000 00242nam a2200097Ia 4500
008 230508s2011 xx 000 0 und d
041 _aeng
100 _aDONOVAN JOSHI J.
245 _aSYSTEMS PROGRAMMING
260 _bTATA MCGRAW HILL EDU
_c2011
999 _c321973
_d321973